Top 10 US Occupational Groups - Statistics

General Stats
  • This quiz has been taken 78 times
  • The average score is 4 of 10
Answer Stats
Workers Occupational Group % Correct
9,151,200 Education
76%
7,026,000 Construction and Extraction
64%
14,719,900 Sales
60%
9,228,200 Healthcare
56%
11,761,800 Food Preparation and Service
46%
9,987,400 Business and Finance
36%
13,350,700 Transport and Shipping
33%
19,587,000 Office Workers
29%
8,787,100 Production and Factory Workers
24%
11,685,300 Management
13%
No matching quizzes found
Score Distribution
Percent of People with Each Score
Percentile by Number Answered
Your Score History
You have not taken this quiz